Transformácia areálu Istrochemu v Bratislave

Na minha lista:
Detalhes bibliográficos
Autor principal: Holá, Katarína (Author)
Outros Autores: Sopirová, Alžbeta (Thesis advisor)
Formato: Manuscrito Livro
Idioma:eslovaco
Publicado em: 2024
Assuntos:
Acesso em linha:http://is.stuba.sk/zp/portal_zp.pl?podrobnosti=179656
Tags: Adicionar Tag
Sem tags, seja o primeiro a adicionar uma tag!

MARC

LEADER 00000ntm a22000003a 4500
001 stuzp98358
003 SK-STU
005 20240608212020.4
007 ta
008 150427s2015----xo-----f-mn---000-0-slo-d
040 |a STU  |b slo 
041 0 |a slo 
100 1 |a Holá, Katarína  |u 056160  |4 aut  |U FAD Fakulta architektúry a dizajnu  |T FAD Ústav urbanizmu a územného plánovania  |X 63541  |U A6160  |Y 397  |7 63541 
242 0 1 |a Transformation of the Istrochem complex in Bratislava  |y eng 
245 1 0 |a Transformácia areálu Istrochemu v Bratislave 
260 |c 2024 
650 4 |a areál  |2 slo 
650 4 |a znečistenie  |2 slo 
650 4 |a územie  |2 slo 
650 4 |a Bratislava  |2 slo 
650 4 |a verejný priestor  |2 slo 
650 4 |a territory  |2 eng 
650 4 |a pollution  |2 eng 
650 4 |a place  |2 eng 
650 4 |a public space  |2 eng 
650 4 |a Bratislava  |2 eng 
700 1 |a Sopirová, Alžbeta  |u 056160  |k Z1  |4 ths  |U FAD Fakulta architektúry a dizajnu  |T FAD Ústav urbanizmu a územného plánovania  |X 4201  |U A6160  |Y 397  |7 A000004201 
856 4 |u http://is.stuba.sk/zp/portal_zp.pl?podrobnosti=179656